[Event "Sparkassen-Open J"]
[Site "Heusenstamm, Martinsee"]
[Date "2017.11.25"]
[Round "3.8"]
[White "Kamleiter, Noah"]
[Black "Wu, Sifan"]
[Result "0-1"]
[WhiteElo "1037"]
[BlackElo "1255"]
[PlyCount "130"]
[EventDate "2017.??.??"]
[WhiteTeam "TSV Bindlach"]
[BlackTeam "SV Oberursel"]

1. e4 e5 2. Nf3 Nc6 3. Bb5 a6 4. Ba4 Bc5 5. d3 d6 6. O-O Nf6 7. Bg5 Bg4 8. h3
Bh5 9. Nc3 b5 10. Bb3 Nd4 11. Nd5 Nxf3+ 12. gxf3 O-O 13. c4 c6 14. Nxf6+ gxf6
15. Bh6 Re8 16. Kh2 Kh8 17. Rg1 Rg8 18. Rxg8+ Qxg8 19. Qg1 Bxf3 20. cxb5 cxb5
21. Qg3 Bh5 22. Rg1 Qxg3+ 23. Kxg3 Rg8+ 24. Kh2 Bxf2 25. Rxg8+ Kxg8 26. Kg2 Bd4
27. Bc1 Kg7 28. Bd5 Bg6 29. b4 Bb6 30. Bd2 f5 31. Bb7 fxe4 32. dxe4 Kf6 33. Kh2
Ke7 34. Bxa6 Bxe4 35. Bxb5 d5 36. a4 d4 37. a5 Ba7 38. a6 Kd6 39. Kg3 Bc6 40.
Bd3 f6 41. b5 Be8 42. Ba5 Kc5 43. b6 Bxb6 44. Bxb6+ Kxb6 45. Kf3 Bg6 46. Bc4 d3
47. Ke3 e4 48. Bb5 f5 49. Bd7 Kxa6 50. h4 h5 51. Kd2 Kb6 52. Kd1 Kc5 53. Kd2
Kd4 54. Kd1 f4 55. Ke1 e3 56. Bb5 Ke4 57. Kd1 Kf3 58. Ke1 Kg4 59. Bxd3 Bxd3 60.
Kd1 Kxh4 61. Ke1 Kg3 62. Kd1 h4 63. Ke1 h3 64. Kd1 h2 65. Ke1 h1=R# 0-1

[Event "Sparkassen-Open J"]
[Site "Heusenstamm, Martinsee"]
[Date "2017.11.25"]
[Round "3.9"]
[White "Schmidt, Jeremy"]
[Black "Tryfon, Konstantin"]
[Result "1-0"]
[WhiteElo "1174"]
[BlackElo "1030"]
[PlyCount "57"]
[EventDate "2017.??.??"]
[WhiteTeam "SG Rödermark"]
[BlackTeam "SC Höchst"]

1. e4 e5 2. Nf3 Nc6 3. Bc4 Nf6 4. Nc3 Nxe4 5. Nxe4 d5 6. Bxd5 Qxd5 7. Nc3 Qd8
8. O-O Bc5 9. Re1 O-O 10. Nxe5 Nxe5 11. Rxe5 Qh4 12. Rxc5 Re8 13. d4 Qe7 14.
Be3 f5 15. Nd5 Qd6 16. Nxc7 b6 17. Nxe8 Qg6 18. Re5 Bb7 19. f3 Rxe8 20. Rxe8+
Qxe8 21. Qd3 Qg6 22. d5 Qd6 23. Rd1 f4 24. Bf2 Qb4 25. Qb3 Qd6 26. g3 g5 27.
Qd3 h5 28. Qf5 h4 29. Qxg5+ 1-0

[Event "Sparkassen-Open J"]
[Site "Heusenstamm, Martinsee"]
[Date "2017.11.25"]
[Round "3.10"]
[White "Scheerer, Julian"]
[Black "Welker, Alexandra"]
[Result "1/2-1/2"]
[WhiteElo "1172"]
[BlackElo "1009"]
[PlyCount "71"]
[EventDate "2017.??.??"]
[WhiteTeam "SF Frankfurt"]
[BlackTeam "TuS Makkabi"]

1. e4 e5 2. Nf3 Nc6 3. Bc4 Bc5 4. c3 Nf6 5. d4 exd4 6. cxd4 Bb4+ 7. Bd2 Bxd2+
8. Nbxd2 d5 9. exd5 Nxd5 10. O-O O-O 11. Re1 Bg4 12. Qc2 Nb6 13. Bd3 Nxd4 14.
Bxh7+ Kh8 15. Nxd4 Qxd4 16. Nb3 Qc4 17. Qe4 Qxe4 18. Bxe4 Rab8 19. Rac1 c6 20.
Rc5 Kg8 21. h3 Bd7 22. Ra5 a6 23. Nc5 Nc4 24. Nxd7 Nxa5 25. Nxb8 Rxb8 26. Bd3
b5 27. b4 Nc4 28. Bxc4 bxc4 29. a3 c5 30. Re4 cxb4 31. Rxc4 bxa3 32. Ra4 Rb1+
33. Kh2 Ra1 34. Kg3 Kf8 35. Rxa6 Ke7 36. Kf3 1/2-1/2

[Event "Sparkassen-Open J"]
[Site "Heusenstamm, Martinsee"]
[Date "2017.11.25"]
[Round "3.11"]
[White "Willand, Mattis"]
[Black "Scheerer, Amelie"]
[Result "1-0"]
[WhiteElo "1169"]
[BlackElo "957"]
[PlyCount "88"]
[EventDate "2017.??.??"]
[WhiteTeam "SC FK Babenhausen"]
[BlackTeam "SF Frankfurt"]

1. e4 e5 2. Nf3 Nc6 3. Bc4 Bc5 4. Nc3 d6 5. h3 Be6 6. Bb3 Nf6 7. d3 h6 8. Be3
Bb6 9. Nd5 Bxd5 10. exd5 Nd4 11. Nxd4 exd4 12. Bf4 O-O 13. O-O Re8 14. Qd2 Qe7
15. Rfe1 Qd7 16. Rxe8+ Rxe8 17. Qb4 c6 18. dxc6 bxc6 19. Bxd6 Nd5 20. Bxd5 cxd5
21. Bg3 Re2 22. Rc1 Qe6 23. a4 a5 24. Qb3 Re1+ 25. Rxe1 Qxe1+ 26. Kh2 Qb4 27.
Qxd5 Qxb2 28. Qb7 f6 29. Bb8 Kh7 30. Ba7 Qxc2 31. Qxb6 Qxd3 32. Qxd4 Qxd4 33.
Bxd4 Kg6 34. Kg3 Kf5 35. Bb6 Ke6 36. Kf4 Kd6 37. Bxa5 g6 38. Bd8 Ke6 39. a5 Kd7
40. Bxf6 Kc6 41. Bg7 h5 42. Kg5 Kb5 43. Kxg6 h4 44. f4 Kxa5 1-0

[Event "Sparkassen-Open J"]
[Site "Heusenstamm, Martinsee"]
[Date "2017.11.25"]
[Round "3.12"]
[White "Pessotschinski, Lars"]
[Black "Schmidt, Merle"]
[Result "1-0"]
[WhiteElo "1158"]
[BlackElo "936"]
[PlyCount "101"]
[EventDate "2017.??.??"]
[WhiteTeam "TuS Makkabi"]
[BlackTeam "SK Langen"]

1. e4 e5 2. Nf3 Nc6 3. d4 exd4 4. Nxd4 Nf6 5. Nxc6 bxc6 6. e5 Ne4 7. Qf3 d5 8.
exd6 Nxd6 9. Qxc6+ Bd7 10. Qf3 Qe7+ 11. Be2 Qe5 12. Qxa8+ Nc8 13. O-O Qxe2 14.
Bd2 Qg4 15. Nc3 Bc5 16. Qd5 Bb4 17. Rfe1+ Ne7 18. Rad1 O-O 19. Rxe7 Bxe7 20.
Be3 Bb4 21. Qxd7 Qxd7 22. Rxd7 c5 23. Rxa7 Rd8 24. Nd5 h6 25. Ne7+ Kh7 26. h3
c4 27. Nc6 Rd1+ 28. Kh2 Bd6+ 29. g3 g5 30. Rxf7+ Kg6 31. Ra7 h5 32. Ra6 h4 33.
Nd4 g4 34. Rxd6+ Kf7 35. b4 Rb1 36. c3 Rb2 37. a4 hxg3+ 38. Kxg3 Ke7 39. Rc6
Rc2 40. Nxc2 Kd7 41. Nd4 gxh3 42. Kxh3 Ke7 43. Kg4 Kf7 44. Kg5 Ke8 45. Rc7 Kd8
46. Rh7 Ke8 47. Kf6 Kd8 48. Ke6 Kc8 49. Kd6 Kb8 50. Kc6 Kc8 51. Rh8# 1-0

[Event "Sparkassen-Open J"]
[Site "Heusenstamm, Martinsee"]
[Date "2017.11.25"]
[Round "3.13"]
[White "Senko, Daniel"]
[Black "Toepfer, Tim"]
[Result "1-0"]
[WhiteElo "1158"]
[BlackElo "910"]
[PlyCount "53"]
[EventDate "2017.??.??"]
[WhiteTeam "SC Bad Soden"]
[BlackTeam "SC Herborn"]

1. e4 e5 2. Nf3 Nc6 3. d4 exd4 4. Bc4 Bc5 5. c3 dxc3 6. Bxf7+ Kxf7 7. Qd5+ Ke8
8. Qh5+ g6 9. Qxc5 d6 10. Qxc3 Nf6 11. Bg5 Rf8 12. O-O Bd7 13. Re1 Be6 14. e5
Nd5 15. Qd2 Qd7 16. exd6 Qxd6 17. Nc3 Qd7 18. Qxd5 Qxd5 19. Nxd5 Kd7 20. Nxc7
Kxc7 21. Rxe6 Rf7 22. Rc1 Rd7 23. h3 Rc8 24. b4 Kb8 25. Bf4+ Ka8 26. Ne5 Nxe5
27. Rxc8# 1-0

[Event "Sparkassen-Open J"]
[Site "Heusenstamm, Martinsee"]
[Date "2017.11.25"]
[Round "3.14"]
[White "Fürschbach, Nino Matteo"]
[Black "Keck, Johannes"]
[Result "0-1"]
[WhiteElo "930"]
[BlackElo "1152"]
[PlyCount "54"]
[EventDate "2017.??.??"]
[WhiteTeam "SC Herborn"]
[BlackTeam "SV Lauf"]

1. e4 e5 2. Nf3 Nc6 3. Bc4 Nf6 4. d3 Bc5 5. Bg5 d6 6. c3 O-O 7. O-O h6 8. Bh4
Be6 9. Qb3 Na5 10. Qa4 Nxc4 11. dxc4 Bg4 12. Nbd2 Qd7 13. Qb5 c6 14. Qb3 Bxf3
15. Nxf3 Nxe4 16. Qc2 f5 17. Rad1 g5 18. Bg3 Rae8 19. Nxe5 Qg7 20. Nd3 f4 21.
Nxc5 dxc5 22. f3 Nxg3 23. hxg3 fxg3 24. Qb3 Qg6 25. Rd7 Qh5 26. Rf2 Re1+ 27.
Rf1 Qh2# 0-1

[Event "Sparkassen-Open J"]
[Site "Heusenstamm, Martinsee"]
[Date "2017.11.25"]
[Round "3.15"]
[White "Schmidt, Boris"]
[Black "Miers, Leon"]
[Result "1-0"]
[WhiteElo "1149"]
[BlackElo "795"]
[PlyCount "99"]
[EventDate "2017.??.??"]
[WhiteTeam "Düsseldorfer SV"]
[BlackTeam "SC Herborn"]

1. e4 c6 2. d4 d5 3. e5 Bf5 4. Nf3 h6 5. Be3 e6 6. Nbd2 Bb4 7. c3 Ba5 8. Be2
Ne7 9. Qb3 b6 10. O-O O-O 11. c4 Nd7 12. Rac1 Rb8 13. Qa3 b5 14. b4 Bc7 15. c5
Ng6 16. Nb3 Bg4 17. Na5 Bxf3 18. Bxf3 Bxa5 19. bxa5 b4 20. Qa4 Rb5 21. a6 Ra5
22. Qxb4 Rxa2 23. Ra1 Rxa1 24. Rxa1 Qc7 25. Rb1 Rb8 26. Qe1 Rb5 27. Be2 Rxb1
28. Qxb1 Qa5 29. Kf1 Nh4 30. g3 Nf5 31. Qb7 Nf8 32. Qxa7 Qa1+ 33. Kg2 Nxe3+ 34.
fxe3 Qe1 35. Kf3 Ng6 36. Qb8+ Kh7 37. a7 Qh1+ 38. Kf2 Qxh2+ 39. Ke1 Qxg3+ 40.
Kd2 Nh4 41. a8=Q Ng2 42. Qa3 Qe1+ 43. Kd3 Qf2 44. Qc1 Qf5+ 45. Kc3 Qe4 46. Bd3
Nf4 47. Bxe4+ dxe4 48. exf4 f5 49. exf6 gxf6 50. Qg1 1-0

[Event "Sparkassen-Open J"]
[Site "Heusenstamm, Martinsee"]
[Date "2017.11.25"]
[Round "3.16"]
[White "Moldenhauer, Nils"]
[Black "Schneider, Ferdinand"]
[Result "0-1"]
[WhiteElo "853"]
[BlackElo "1148"]
[PlyCount "170"]
[EventDate "2017.??.??"]
[WhiteTeam "SV Oberursel"]
[BlackTeam "SF Vonkeln"]

1. e4 e5 2. Nf3 Nc6 3. Bc4 Bc5 4. d3 Nf6 5. Bg5 d6 6. Nc3 Bb4 7. a3 Ba5 8. h3
Be6 9. Bxe6 fxe6 10. O-O Qd7 11. b4 Bb6 12. Rb1 O-O-O 13. b5 Nd4 14. Nxd4 Bxd4
15. Na4 d5 16. b6 axb6 17. exd5 Qxa4 18. dxe6 Qxa3 19. Rb3 Qd6 20. c3 Bc5 21.
Rb2 Qxe6 22. Rd2 h6 23. Be3 Qd5 24. d4 exd4 25. cxd4 Bb4 26. Rb2 Bc3 27. Rc2
Bxd4 28. Bf4 Bxf2+ 29. Kxf2 Qxd1 30. Rxd1 Rxd1 31. Rxc7+ Kd8 32. Rxb7 Ne4+ 33.
Kf3 Nd2+ 34. Ke2 Kc8 35. Rc7+ Kd8 36. Kxd1 Ne4 37. Rxg7 Nf2+ 38. Ke2 Ne4 39.
Bc7+ Kc8 40. Bxb6 Re8 41. Kf3 Ng5+ 42. Kg4 Re4+ 43. Kh5 Ne6 44. Re7 Nf4+ 45.
Kxh6 Rxe7 46. g4 Re6+ 47. Kg5 Rxb6 48. Kxf4 Kd7 49. Kf5 Ke7 50. g5 Rb5+ 51. Kg6
Rb6+ 52. Kf5 Kf7 53. h4 Rb5+ 54. Kg4 Kg6 55. h5+ Kg7 56. Kf4 Rb1 57. Kf5 Rf1+
58. Kg4 Kh7 59. Kh4 Rf4+ 60. Kg3 Rf5 61. Kg4 Rf1 62. Kh4 Rg1 63. g6+ Kh6 64.
Kh3 Kxh5 65. g7 Rxg7 66. Kh2 Kh6 67. Kh3 Kh7 68. Kh4 Kg8 69. Kh5 Kf7 70. Kh6
Kf6 71. Kh5 Kf5 72. Kh4 Kf4 73. Kh3 Kf3 74. Kh4 Rg3 75. Kh5 Kf4 76. Kh4 Rg8 77.
Kh5 Kf5 78. Kh4 Rg5 79. Kh3 Kf4 80. Kh4 Rg1 81. Kh3 Rg4 82. Kh2 Rg3 83. Kh1 Kf3
84. Kh2 Kf2 85. Kh1 Rh3# 0-1

[Event "Sparkassen-Open J"]
[Site "Heusenstamm, Martinsee"]
[Date "2017.11.25"]
[Round "3.17"]
[White "Dixon, Laura Michaela"]
[Black "Özyar, Arin"]
[Result "1-0"]
[WhiteElo "1145"]
[BlackElo "777"]
[PlyCount "57"]
[EventDate "2017.??.??"]
[WhiteTeam "VSG Offenbach"]
[BlackTeam "SC Bad Soden"]

1. e4 e5 2. Nf3 Nc6 3. Bc4 Bc5 4. c3 Nf6 5. d4 exd4 6. e5 Ng4 7. cxd4 Bb4+ 8.
Bd2 Bxd2+ 9. Nbxd2 d5 10. Bb5 a6 11. Qa4 Bd7 12. Bxc6 Bxc6 13. Qc2 Bb5 14. a4
Bd7 15. O-O b5 16. b3 O-O 17. h3 Nh6 18. Nb1 Bf5 19. Qd2 Bxb1 20. Raxb1 Rc8 21.
Rfc1 Qe7 22. Rc3 Qb4 23. Qc1 Qa5 24. Nh4 bxa4 25. Rg3 f6 26. Qxh6 g5 27. Nf5
Rf7 28. e6 Re7 29. Nxe7+ 1-0

[Event "Sparkassen-Open J"]
[Site "Heusenstamm, Martinsee"]
[Date "2017.11.25"]
[Round "3.18"]
[White "Prechtl, Felix"]
[Black "Meng, Yuxuan"]
[Result "0-1"]
[WhiteElo "798"]
[BlackElo "1140"]
[PlyCount "48"]
[EventDate "2017.??.??"]
[WhiteTeam "VSG Offenbach"]
[BlackTeam "SK Sandhausen"]

1. e4 e5 2. Nf3 Nc6 3. Bc4 Nf6 4. Nc3 Nxe4 5. Nxe4 d5 6. Bxd5 Qxd5 7. d3 f5 8.
c4 Qe6 9. Nc5 Bxc5 10. O-O O-O 11. d4 exd4 12. Ng5 Qg6 13. Re1 h6 14. Nf3 b6
15. Ne5 Nxe5 16. Rxe5 Bb7 17. g3 Qc6 18. Kf1 Qg2+ 19. Ke1 d3 20. Qxd3 Qxf2+ 21.
Kd1 Bf3+ 22. Qxf3 Qxf3+ 23. Kd2 Rfd8+ 24. Ke1 Rd1# 0-1

[Event "Sparkassen-Open J"]
[Site "Heusenstamm, Martinsee"]
[Date "2017.11.25"]
[Round "3.21"]
[White "Schönau, Tom"]
[Black "Niesel, Sebastian"]
[Result "1-0"]
[WhiteElo "1130"]
[BlackElo "765"]
[PlyCount "71"]
[EventDate "2017.??.??"]
[WhiteTeam "SC Herborn"]
[BlackTeam "TuS Makkabi"]

1. e4 e5 2. Nf3 Nc6 3. Bc4 Bc5 4. c3 Nf6 5. d3 O-O 6. Be3 Bb6 7. Nbd2 d6 8. O-O
Be6 9. Bb3 Ng4 10. Qe2 Qe7 11. d4 exd4 12. cxd4 Rad8 13. d5 Bxd5 14. Bxd5 Nb4
15. Bb3 c6 16. Bxb6 axb6 17. Rfe1 Nf6 18. Rad1 d5 19. exd5 cxd5 20. Qxe7 Nd3
21. Re2 Nxb2 22. Rb1 Nd3 23. Qxb7 Nc5 24. Qxb6 Nxb3 25. Nxb3 h6 26. Nc5 Rb8 27.
Qxb8 Rxb8 28. Rxb8+ Kh7 29. Ne5 g6 30. a4 Kg7 31. a5 Ng8 32. Ncd7 Ne7 33. Rf8
Kh7 34. Rxf7+ Kg8 35. Nf6+ Kh8 36. Rh7# 1-0

[Event "Sparkassen-Open J"]
[Site "Heusenstamm, Martinsee"]
[Date "2017.11.25"]
[Round "3.23"]
[White "Kovalenko, David"]
[Black "Jonuzi, Lavdim"]
[Result "1-0"]
[WhiteElo "951"]
[BlackElo "758"]
[PlyCount "75"]
[EventDate "2017.??.??"]
[WhiteTeam "Düsseldorfer SV"]
[BlackTeam "SC Nidderau"]

1. d4 d5 2. c4 c6 3. Nc3 Nf6 4. Bg5 Nbd7 5. Nf3 e6 6. e3 Nb6 7. b3 Ba3 8. c5
Nbd7 9. Rb1 O-O 10. b4 a5 11. bxa5 Qxa5 12. Qb3 b5 13. Bd3 Ba6 14. O-O Rab8 15.
Ne2 Rfe8 16. Ng3 e5 17. dxe5 Nxc5 18. Qc2 Nfd7 19. Bxh7+ Kf8 20. Qf5 b4 21. Bg6
Re7 22. Bxe7+ Kxe7 23. Qxf7+ Kd8 24. e6 Kc7 25. exd7 Nxd7 26. Qxg7 Bc8 27. Bf5
Qc5 28. Ng5 b3 29. Ne6+ Kb6 30. Nxc5 Bxc5 31. Rxb3+ Kc7 32. Rxb8 Kxb8 33. Bxd7
Bxd7 34. Qxd7 Bb6 35. Rb1 Ka8 36. Qxc6+ Ka7 37. Qxb6+ Ka8 38. Qb7# 1-0

[Event "Sparkassen-Open J"]
[Site "Heusenstamm, Martinsee"]
[Date "2017.11.25"]
[Round "3.24"]
[White "Jäger, Viktoria"]
[Black "Grebe, Sabrina"]
[Result "0-1"]
[WhiteElo "768"]
[BlackElo "811"]
[PlyCount "44"]
[EventDate "2017.??.??"]
[WhiteTeam "SC Nidderau"]
[BlackTeam "SC Heusenstamm"]

1. e4 e5 2. Nf3 Nc6 3. Bc4 Bc5 4. d3 Nf6 5. Nc3 d6 6. Bg5 h6 7. Bh4 O-O 8. Qe2
Bg4 9. h3 Bh5 10. O-O-O Nd4 11. Qe3 Nb3+ 12. Kb1 Bxe3 13. Nd5 Bg5 14. Nxg5 hxg5
15. Bxg5 Bxd1 16. Rxd1 Na5 17. Re1 Nxc4 18. dxc4 c6 19. Nb4 c5 20. Nd5 Qa5 21.
Nxf6+ gxf6 22. Bxf6 Qxe1# 0-1

[Event "Sparkassen-Open J"]
[Site "Heusenstamm, Martinsee"]
[Date "2017.11.25"]
[Round "3.26"]
[White "Hain, Julian"]
[Black "Spelleken, Mark"]
[Result "1-0"]
[WhiteElo "777"]
[BlackElo "783"]
[PlyCount "87"]
[EventDate "2017.??.??"]
[WhiteTeam "SC Heusenstamm"]
[BlackTeam "SC Kahl"]

1. e4 e5 2. Nf3 Nc6 3. Bc4 Nf6 4. d3 b6 5. Bg5 Bb7 6. O-O Bc5 7. Bd5 h6 8. Bh4
Nd4 9. Bxb7 Rb8 10. Ba6 Nxf3+ 11. Qxf3 Bd4 12. Nc3 O-O 13. Bc4 h5 14. Bg5 Qe7
15. Qg3 Kh8 16. Nd5 Qd6 17. c3 Bc5 18. Qf3 Ng4 19. Be7 Qg6 20. Bxf8 Rxf8 21.
Nxc7 Qg5 22. h3 Nf6 23. g3 h4 24. Kh2 Nh5 25. g4 Nf4 26. Rad1 Ne2 27. Qxe2 Qf4+
28. Kg2 Be7 29. Nd5 Qg5 30. Nxe7 Qxe7 31. Qf3 f5 32. exf5 g6 33. Qe4 Qh7 34.
fxg6 Qg7 35. Rde1 Rf6 36. Qxe5 Qxg6 37. Qb8+ Kh7 38. Re7+ Kh6 39. Qe5 d6 40.
Qd5 Rf8 41. Rfe1 Qg5 42. Qe6+ Rf6 43. Qe4 Rf4 44. Qh7# 1-0

[Event "Sparkassen-Open J"]
[Site "Heusenstamm, Martinsee"]
[Date "2017.11.26"]
[Round "4.1"]
[White "Schwarz, Daniel"]
[Black "Porstendörfer, Yannik"]
[Result "0-1"]
[WhiteElo "1630"]
[BlackElo "1236"]
[PlyCount "110"]
[EventDate "2017.??.??"]
[WhiteTeam "SG Idstein"]
[BlackTeam "SK Klingenberg"]

1. e4 d5 2. exd5 Nf6 3. Bb5+ Bd7 4. Bc4 c6 5. Nc3 Bg4 6. Nf3 Nxd5 7. Nxd5 cxd5
8. Bb5+ Nc6 9. h3 Bd7 10. O-O e6 11. b3 Be7 12. Bb2 Bf6 13. Bxf6 Qxf6 14. Qe2
a6 15. Bxc6 Bxc6 16. Ne5 O-O 17. Nxc6 bxc6 18. Qd3 Rfe8 19. f4 g6 20. Rae1 Qf5
21. Qc3 h5 22. Re5 Qf6 23. Rf3 h4 24. f5 Qh8 25. f6 Qh6 26. Qd4 c5 27. Qf2 Kh7
28. Rf4 g5 29. Rg4 Rg8 30. g3 Rg6 31. Qe3 Rag8 32. Kh2 Rxf6 33. gxh4 gxh4 34.
Qd3+ Kh8 35. Qe2 Rxg4 36. Qxg4 Qxd2+ 37. Re2 Rf2+ 38. Rxf2 Qxf2+ 39. Kh1 Qe1+
40. Kg2 Qe4+ 41. Qxe4 dxe4 42. Kf2 Kg7 43. Ke3 Kf6 44. Kxe4 Kg5 45. a3 f5+ 46.
Kf3 Kf6 47. b4 Ke5 48. c4 Kd6 49. b5 axb5 50. cxb5 Kd5 51. a4 c4 52. b6 Kc6 53.
a5 c3 54. Ke3 f4+ 55. Kd3 f3 0-1

[Event "Sparkassen-Open J"]
[Site "Heusenstamm, Martinsee"]
[Date "2017.11.26"]
[Round "4.2"]
[White "Klugstedt, Vincent"]
[Black "Porstendörfer, Eric"]
[Result "1-0"]
[WhiteElo "1684"]
[BlackElo "1489"]
[PlyCount "117"]
[EventDate "2017.??.??"]
[WhiteTeam "TV Borken"]
[BlackTeam "SK Klingenberg"]

1. d4 d5 2. Nf3 Nc6 3. c4 dxc4 4. e4 Bg4 5. Bxc4 Nxd4 6. Qxd4 Bxf3 7. Qxd8+
Rxd8 8. gxf3 g6 9. Bf4 Bg7 10. Nc3 Nf6 11. Bxc7 Rd4 12. Bb5+ Nd7 13. Rd1 a6 14.
Rxd4 Bxd4 15. Ba4 b5 16. Bb3 Nc5 17. Ke2 Kf8 18. Rd1 Bxc3 19. bxc3 Kg7 20. Rd8
Rxd8 21. Bxd8 Nxb3 22. axb3 Kf6 23. c4 bxc4 24. bxc4 Ke6 25. c5 Kd7 26. Bb6 Kc6
27. Kd3 Kb5 28. Kc3 e6 29. Kd4 f6 30. Bd8 a5 31. Bxf6 a4 32. Ke5 Kxc5 33. Kxe6
Kc6 34. Kf7 g5 35. e5 a3 36. e6 a2 37. e7 Kc5 38. e8=Q h5 39. Qe5+ Kc6 40. Qe6+
Kc5 41. Qxa2 g4 42. Qd2 g3 43. hxg3 h4 44. Qd4+ Kc6 45. Ke6 h3 46. Qh4 Kc5 47.
Qxh3 Kc4 48. Qg4+ Kd3 49. Qe4+ Kd2 50. Qe3+ Kd1 51. Qd3+ Ke1 52. Qc2 Kf1 53.
Kf5 Kg2 54. Kg4 Kh2 55. f4 Kh1 56. Kf3 Kg1 57. Qd1+ Kh2 58. Qe1 Kh3 59. Qh1#
1-0

[Event "Sparkassen-Open J"]
[Site "Heusenstamm, Martinsee"]
[Date "2017.11.26"]
[Round "4.3"]
[White "Schweizer, Michael"]
[Black "Klaska, Philipp Leon"]
[Result "1/2-1/2"]
[WhiteElo "1462"]
[BlackElo "1153"]
[PlyCount "36"]
[EventDate "2017.??.??"]
[WhiteTeam "TuS Makkabi"]
[BlackTeam "Düsseldorfer SV"]

1. e4 c5 2. Nf3 Nc6 3. d4 cxd4 4. Nxd4 e6 5. Nc3 a6 6. Nxc6 bxc6 7. Bf4 Bc5 8.
Bd6 Qb6 9. Bxc5 Qxc5 10. Bd3 Nf6 11. Qd2 Bb7 12. O-O O-O 13. Rfe1 Rfe8 14. Rad1
Rad8 15. Qe2 a5 16. a3 e5 17. Qe3 Qxe3 18. Rxe3 d5 1/2-1/2

[Event "Sparkassen-Open J"]
[Site "Heusenstamm, Martinsee"]
[Date "2017.11.26"]
[Round "4.4"]
[White "Schmidt, Boris"]
[Black "Lorenz, Alexander"]
[Result "0-1"]
[WhiteElo "1149"]
[BlackElo "1551"]
[PlyCount "94"]
[EventDate "2017.??.??"]
[WhiteTeam "Düsseldorfer SV"]
[BlackTeam "SV Bergwinkel"]

1. e4 c5 2. d4 cxd4 3. c3 dxc3 4. Nxc3 d6 5. Bc4 Nc6 6. Nf3 Na5 7. Qa4+ Bd7 8.
Bb5 Nc6 9. O-O a6 10. Be2 g6 11. Qb3 b5 12. Be3 Na5 13. Qd1 Bg7 14. Rb1 Nf6 15.
e5 dxe5 16. Nxe5 Bf5 17. Rc1 Qxd1 18. Rfxd1 Ne4 19. Bd4 O-O 20. Nd5 e6 21. Nb6
Rad8 22. g4 Rxd4 23. Nbd7 Rxd1+ 24. Rxd1 Re8 25. gxf5 exf5 26. b4 Nb7 27. Nc6
Nc3 28. Re1 Rxe2 29. Ra1 Re6 30. Ncb8 Ne2+ 31. Kf1 Bxa1 32. Nc5 Nxc5 33. bxc5
Nd4 34. f3 Nc6 35. Nxa6 Bd4 36. Nc7 Bxc5 37. Nxe6 fxe6 38. Ke2 Kf7 39. f4 Kf6
40. Kf3 e5 41. a4 bxa4 42. fxe5+ Nxe5+ 43. Kf4 a3 44. h4 a2 45. h5 a1=Q 46.
hxg6 Qc3 47. g7 Qf3# 0-1

[Event "Sparkassen-Open J"]
[Site "Heusenstamm, Martinsee"]
[Date "2017.11.26"]
[Round "4.5"]
[White "Schneider, Ferdinand"]
[Black "Kail, Oliver"]
[Result "1-0"]
[WhiteElo "1148"]
[BlackElo "1479"]
[PlyCount "113"]
[EventDate "2017.??.??"]
[WhiteTeam "SF Vonkeln"]
[BlackTeam "SK Klingenberg"]

1. e4 e5 2. Nf3 Nc6 3. d4 exd4 4. Nxd4 Nxd4 5. Qxd4 Nf6 6. e5 Qe7 7. Be2 c5 8.
exf6 cxd4 9. fxe7 Bxe7 10. Bf4 O-O 11. Nd2 Bf6 12. O-O-O Re8 13. Rhe1 Be5 14.
Bxe5 Rxe5 15. Nf3 Rd5 16. Rxd4 Rxd4 17. Nxd4 b6 18. Bb5 Bb7 19. Bxd7 Bxg2 20.
Re8+ Rxe8 21. Bxe8 Kf8 22. Bc6 Bh3 23. Nb5 a6 24. Nc7 Bc8 25. a4 Ke7 26. Nd5+
Kd6 27. Nxb6 Kxc6 28. Nxc8 Kd7 29. Nb6+ Ke6 30. c4 h5 31. Kd2 g5 32. Ke2 f5 33.
c5 g4 34. b4 f4 35. b5 axb5 36. axb5 h4 37. c6 Kd6 38. Nd5 Kxd5 39. c7 Ke4 40.
c8=Q f3+ 41. Kf1 Kd3 42. Qxg4 Kc3 43. Qxf3+ Kc4 44. Qe4+ Kxb5 45. Qd4 Kc6 46.
Qe5 Kd7 47. Qf6 Kc7 48. Qe6 Kb7 49. Qd6 Ka7 50. Qb4 Ka6 51. Ke2 Ka7 52. Qb5 h3
53. Kd3 Ka8 54. Kc4 Ka7 55. Kc5 Ka8 56. Kc6 Ka7 57. Qb7# 1-0

[Event "Sparkassen-Open J"]
[Site "Heusenstamm, Martinsee"]
[Date "2017.11.26"]
[Round "4.6"]
[White "Wu, Sifan"]
[Black "Dixon, Laura Michaela"]
[Result "1/2-1/2"]
[WhiteElo "1255"]
[BlackElo "1145"]
[PlyCount "104"]
[EventDate "2017.??.??"]
[WhiteTeam "SV Oberursel"]
[BlackTeam "VSG Offenbach"]

1. e4 e5 2. Nf3 Nc6 3. Bb5 a6 4. Ba4 Nf6 5. d3 Bc5 6. Bg5 b6 7. O-O Bb7 8. Nc3
Qe7 9. Nd5 Qd6 10. Bxf6 gxf6 11. Qd2 b5 12. Bb3 h5 13. Rad1 O-O-O 14. a4 Ne7
15. c4 b4 16. Ne3 Rdg8 17. Nh4 Bxe3 18. Qxe3 Rg7 19. d4 Qe6 20. d5 Qg4 21. Qg3
Rhg8 22. Rfe1 d6 23. Rd3 f5 24. exf5 Nxf5 25. Qxg4 Rxg4 26. Nxf5 Rxg2+ 27. Kh1
Kd7 28. Rg3 R8xg3 29. Nxg3 Rxf2 30. Nxh5 Rxb2 31. Re3 f5 32. a5 c6 33. Ba4 Kc7
34. Rb3 Rd2 35. dxc6 Bxc6+ 36. Bxc6 Kxc6 37. Rxb4 e4 38. Kg1 Kc5 39. Rb6 Kxc4
40. Rxa6 d5 41. Re6 Kd3 42. Re5 Ke2 43. Rxf5 d4 44. Rf2+ Ke1 45. Rxd2 Kxd2 46.
a6 e3 47. Nf4 d3 48. a7 e2 49. Nxd3 Kxd3 50. a8=Q e1=Q+ 51. Kg2 Qd2+ 52. Kg3
Qg5+ 1/2-1/2

[Event "Sparkassen-Open J"]
[Site "Heusenstamm, Martinsee"]
[Date "2017.11.26"]
[Round "4.7"]
[White "Meng, Yuxuan"]
[Black "Althaus, Lennart"]
[Result "0-1"]
[WhiteElo "1140"]
[BlackElo "1235"]
[PlyCount "92"]
[EventDate "2017.??.??"]
[WhiteTeam "SK Sandhausen"]
[BlackTeam "TV-Großostheim"]

1. e4 c5 2. Nf3 d6 3. Nc3 Nf6 4. Bc4 a6 5. O-O e6 6. d3 Be7 7. Re1 b5 8. Bb3
Bb7 9. a4 b4 10. Ne2 a5 11. Ng3 Nbd7 12. c3 Rc8 13. d4 c4 14. Bc2 b3 15. Bb1
Nb6 16. Be3 Bc6 17. e5 Nfd7 18. Qd2 d5 19. Bg5 Ra8 20. Bxe7 Qxe7 21. Ng5 h6 22.
Nf3 Bxa4 23. Qf4 Bc6 24. Nh5 g5 25. Qe3 a4 26. Kh1 a3 27. bxa3 Rxa3 28. Rxa3
Qxa3 29. Ng1 Na4 30. Ne2 Ke7 31. f4 Rg8 32. Nf6 Nxf6 33. exf6+ Kd7 34. f5 Re8
35. Qh3 Qd6 36. Qxh6 exf5 37. Bxf5+ Kc7 38. Qg7 Nxc3 39. Qxf7+ Kb6 40. Bc8 Nxe2
41. Qg6 Ng3+ 42. hxg3 Rxe1+ 43. Kh2 Qf8 44. Qg7 Qxg7 45. fxg7 Re8 46. Be6 b2
0-1

[Event "Sparkassen-Open J"]
[Site "Heusenstamm, Martinsee"]
[Date "2017.11.26"]
[Round "4.8"]
[White "Czinkota, Michael"]
[Black "Martin, Peter"]
[Result "0-1"]
[WhiteElo "1139"]
[BlackElo "1219"]
[PlyCount "56"]
[EventDate "2017.??.??"]
[WhiteTeam "SC Bad Soden"]
[BlackTeam "SG Trier"]

1. e4 c6 2. d4 d5 3. Nc3 dxe4 4. Nxe4 Bf5 5. Nc3 e6 6. Nf3 Bb4 7. a3 Ba5 8. Bc4
b5 9. Ba2 Nf6 10. b4 Bb6 11. O-O O-O 12. Bf4 Re8 13. Re1 Nbd7 14. Qd2 Bc7 15.
Bxc7 Qxc7 16. Re2 e5 17. d5 e4 18. dxc6 exf3 19. Rxe8+ Rxe8 20. cxd7 Bxd7 21.
g3 Qe5 22. Rd1 Ne4 23. Nxe4 Qxe4 24. Bxf7+ Kxf7 25. Qxd7+ Kf8 26. Kf1 Qe2+ 27.
Kg1 Qe1+ 28. Rxe1 Rxe1# 0-1

[Event "Sparkassen-Open J"]
[Site "Heusenstamm, Martinsee"]
[Date "2017.11.26"]
[Round "4.9"]
[White "Voicu, Mihai"]
[Black "Buchholz, Maja"]
[Result "0-1"]
[WhiteElo "1112"]
[BlackElo "1178"]
[PlyCount "112"]
[EventDate "2017.??.??"]
[WhiteTeam "Düsseldorfer SV"]
[BlackTeam "SK Langen"]

1. e4 c5 2. Nf3 d6 3. d4 cxd4 4. Nxd4 Nf6 5. Nc3 g6 6. Be2 Bg7 7. O-O O-O 8.
Be3 Nc6 9. f4 Bd7 10. h3 Rb8 11. Nxc6 Bxc6 12. e5 dxe5 13. fxe5 Ne4 14. Nxe4
Bxe4 15. Bxa7 Rc8 16. e6 f5 17. Bd3 Bxd3 18. Qxd3 Qxd3 19. cxd3 Rf6 20. Rfe1
Rc6 21. d4 Rcxe6 22. d5 Rxe1+ 23. Rxe1 Bf8 24. Re6 Rxe6 25. dxe6 Bg7 26. Kf2
Bxb2 27. Ke3 Kf8 28. Bb6 Bf6 29. Kf4 Kg7 30. g4 fxg4 31. Kxg4 h6 32. h4 h5+ 33.
Kg3 Be5+ 34. Kh3 Kf6 35. a4 Bc3 36. Kg3 Be5+ 37. Kf3 Kxe6 38. Ke4 Bg3 39. Ba5
Bxh4 40. Kf3 Kf5 41. Bd8 Bf6 42. a5 g5 43. a6 bxa6 44. Kg3 e5 45. Bxf6 Kxf6 46.
Kf3 Kf5 47. Kg3 a5 48. Kf3 a4 49. Kg3 a3 50. Kf3 a2 51. Kg3 a1=Q 52. Kh3 Qa3+
53. Kg2 Kf4 54. Kf2 Qa2+ 55. Kg1 Kg3 56. Kf1 Qf2# 0-1